00734nas a2200229Ia 4500001001100000003000900011008004100020040001300061040001300074041001200087100004400099210001100143222001100154245007900165250001100244260002800255501008600283300000900369362003500378500005200413650003900465R702/49173IT-RoPAU151124c99999999xx |||||||||||| ||und|| aIT-RoPAU cIT-RoPAU aINGLESE aPlatt John T.gCodice Aut. SPICS: 18699 aDEGRES aDegres aDEGRES, N.005 (GENNAIO 1974)bForm And Meaning: Opposition Or Transaction? a1a ed. aBRUXELLESbDEGRESc1974 bPaulus - SPICS - Società San Paolo EM (non-commercial uses only)cCopyright2015 a9 p. aANNO 002, N.005 (GENNAIO 1974) aForma e Significato: Opposizione O Transazione? aSEMIOTICAvPUBBLICAZIONE PERIODICA